| Tag |
First Indicator |
Second Indicator |
Subfields |
| LEADER |
00000cam a2200000 a 4500 |
| 001 |
in00001606384 |
| 005 |
20151023052202.0 |
| 008 |
000717s1999 enkf b 000 0beng d |
| 015 |
|
|
|a GB99-X5487
|
| 020 |
|
|
|a 185776465X
|
| 035 |
|
|
|a (OCoLC)ocm41465136
|
| 040 |
|
|
|a UKM
|c UKM
|d GUA
|d UtOrBLW
|
| 049 |
|
|
|a TXAM
|
| 082 |
0 |
4 |
|a 509.2
|2 21
|
| 090 |
|
|
|a Q143.H7
|b N54 1999
|
| 100 |
1 |
|
|a Nichols, Richard,
|d 1918-
|
| 245 |
1 |
0 |
|a Robert Hooke and the Royal Society /
|c Richard Nichols.
|
| 264 |
|
1 |
|a Lewes :
|b Book Guild,
|c 1999.
|
| 300 |
|
|
|a x, 138 pages, 16 unnumbered pages of plates :
|b illustrations ;
|c 23 cm.
|
| 336 |
|
|
|a text
|b txt
|2 rdacontent
|
| 337 |
|
|
|a unmediated
|b n
|2 rdamedia
|
| 338 |
|
|
|a volume
|b nc
|2 rdacarrier
|
| 504 |
|
|
|a Includes bibliographical references.
|
| 600 |
1 |
4 |
|a Hooke, Robert,
|d 1635-1703.
|
| 610 |
2 |
4 |
|a Royal Society
|x History.
|
| 600 |
1 |
0 |
|a Hooke, Robert,
|d 1635-1703.
|
| 610 |
2 |
0 |
|a Royal Society (Great Britain)
|x History.
|
| 650 |
|
0 |
|a Scientists
|z Great Britain
|v Biography.
|
| 650 |
|
0 |
|a Science
|z Great Britain
|x History
|y 17th century.
|
| 994 |
|
|
|a E0
|b TXA
|
| 948 |
|
|
|a cataloged
|b h
|c 2001/7/27
|d c
|e ceaton
|f 10:40:19 am
|
| 999 |
|
|
|a MARS
|
| 999 |
f |
f |
|s 8ef58e33-2a3c-3143-a915-dd69e09af541
|i 7cd03f54-ca14-3b0a-814a-f2f1a6461e94
|t 0
|
| 952 |
f |
f |
|p ric
|a Texas A&M University
|b Rellis Campus
|c Joint Library Facility
|d Remote Storage
|t 0
|e Q143.H7 N54 1999
|h Library of Congress classification
|i unmediated -- volume
|m A14827875952
|
| 998 |
f |
f |
|a Q143.H7 N54 1999
|t 0
|l Remote Storage
|